000 00478nam a22002057a 4500
003 bpm
005 20260414112707.0
008 260414b |||||||| |||| 00| p spa d
020 _a9789874757029
024 _aS. C. C. / M. C. y E. M.:
040 _aAR-CtUCP
041 _aspa
080 _aCDU
100 _aPérez Ruiz Constanza
245 _aBroches
260 _aVilla Mercedes
_bDeacá
_c2020
650 _aLiteratura - Poesía
942 _cLIB
999 _c76636
_d76636